000 00484nam a2200157 i 4500
001 51995
003 ES-MaACL
005 20230906162503.0
007 t|
008 201022s1884 sp ||||1| spa d
245 0 0 _aBreves consideraciones sobre artillería moderna /
_cPor B.S.
260 _aMadrid :
_b[s.n.],
_c1884 (
_fEst. tip. de El Correo, á cargo de F. Fernández)
300 _a73 p., 4 h. plég. ;
_c26 cm.
650 4 _aArtillería.
_9135626
852 _aES-MaACL
_jT-441-F-8
999 _c51995
_d51995